000 00572nam a2200193Ia 4500
003 0100
008 130303s9999 xx 000 0 und d
040 _cARRUPELIB
050 _aJN6750.R6213 1972
100 _aRousseau, Jean-Jacques
245 4 _aThe government of Poland = Consid^rations sur le gouvernement de Pologne.English
260 _aIndianapolis
260 _bBobbs-Merrill
260 _C1972
300 _axxxix
300 _b 116p. 21cm
700 _aJean-Jacques Rousseau , Title, Consid^rations sur le gouvernement de Pologne.English
942 0 0 _01
999 _c31746
_d31746